Challenges & opportunities in services sector / (Record no. 81843)

MARC details
000 -LEADER
fixed length control field 00550nam a22001817a 4500
005 - DATE AND TIME OF LATEST TRANSACTION
control field 20140115112605.0
010 ## - LCCN (DPL NO)
LC control number ENG-109086
020 ## - INTERNATIONAL STANDARD BOOK NUMBER
International Standard Book Number 9788174469526
Terms of availability 995.00
035 ## - SYSTEM CONTROL NUMBER
System control number EN-92619
037 ## - SOURCE OF ACQUISITION
Source of stock number/acquisition DBAD/PUB
082 ## - DEWEY DECIMAL CLASSIFICATION NUMBER
Classification number 338.761
245 ## - TITLE STATEMENT
Title Challenges & opportunities in services sector /
Statement of responsibility, etc edited by B. Janakiram...[et al]
260 ## - PUBLICATION, DISTRIBUTION, ETC. (IMPRINT)
Place of publication, distribution, etc New Delhi
Name of publisher, distributor, etc Excel Books
Date of publication, distribution, etc 2011
270 ## - ADDRESS
Address A- 45, Naraina, Phase 1
City New Delhi
Postal code 110028
300 ## - PHYSICAL DESCRIPTION
Extent xv, 869p.
Dimensions 25cm(pbk)
700 ## - ADDED ENTRY--PERSONAL NAME
Personal name Janakiram,B.
942 ## - ADDED ENTRY ELEMENTS (KOHA)
Source of classification or shelving scheme Dewey Decimal Classification
Item type English Books
Call number suffix CHA
Classification part 338.761
Holdings
Withdrawn status Lost status Not for loan Collection code Home library Current library Date acquired Source of acquisition Cost, normal purchase price Full call number Barcode Copy number Cost, replacement price Koha item type
    Not For Loan Non-fiction D.B.Act.Division D.B.Act.Division 13/01/2014 DBAD/PUB 995.00 338.761 CHA EN-92619 1 995.00 English Books

© Delhi Public Library
Hit Counter
free hit counter